Οι αγώνες του σλαβομακεδονικού λαού για απελευθέρωση : εισήγηση-απόφαση-διακήρυξη.

Αποθηκεύτηκε σε:
Λεπτομέρειες βιβλιογραφικής εγγραφής
Μορφή: Βιβλίο
Γλώσσα:Greek
Δημοσίευση: [χ.τ.] : Εκδοτικό "Νέα Ελλάδα", 1952.
Θέματα:
Ετικέτες: Προσθήκη ετικέτας
Δεν υπάρχουν, Καταχωρήστε ετικέτα πρώτοι!

MARC

LEADER 00000cam a2200000 a 4500
001 1/114188
008 170530s1952####xx | ||| |||| ||gre||
040 |a GR-MyUa  |b gre  |c GR-MyUa  |e AACR2 
041 0 |a gre 
082 7 |a 938.774   |2 (23) 
245 0 3 |a Οι αγώνες του σλαβομακεδονικού λαού για απελευθέρωση :   |b εισήγηση-απόφαση-διακήρυξη.  
260 |a [χ.τ.] :   |b Εκδοτικό "Νέα Ελλάδα",   |c 1952.  
300 |a 60 σ. ;   |c 21 εκ.  
500 |a Πρώτο συνέδριο της οργάνωσης "Ήλιντεν", Απρίλης 1952.  
506 1 |a Μόνο για ανάγνωση. Βρίσκεται σε ειδικό ράφι. Διαθέσιμο εάν ζητηθεί.  
650 0 |a Communism  |z Greece  |x History. 
650 0 |a Political persecution  |z Greece. 
650 0 |a Political refugees  |z Greece. 
852 |a INST  |b LESVOS  |e 20170530  |h 938.774 ΑΓΩ  |p 005100059524  |q 005100059524  |t BK  |y 0 
970 |a Τζαφέρη  |b Ευαγγελία  |z 30-05-2017